000 00296nam a22001337a 4500
008 170811b xxu||||| |||| 00| 0 eng d
020 _a9781429238083
041 _aeng
080 _a51
100 _a36
101 _aMAT
245 _aRECONCEPTUALIZING MATHEMATICS
_cSOWDER,J
942 _2udc
_cBK
999 _c23222
_d23222